Эмилия Адриановна Штина (Запись № 1539719)

Подробности
000 -МАРКЕР
контрольное поле 01550nam0a2200337 4500
001 - ИДЕНТИФИКАТОР ЗАПИСИ
контрольное поле RU\NLR\bibl\872376
005 - ИДЕНТИФИКАТОР ВЕРСИИ
контрольное поле 20260406125226.0
035 ## - ДРУГИЕ СИСТЕМНЫЕ НОМЕРА
Идентификатор записи (NLR Aleph) 000860990
100 ## - ДАННЫЕ ОБЩЕЙ ОБРАБОТКИ
Данные общей обработки 20051115d1979 |||y0rusy50 ca
101 0# - ЯЗЫК РЕСУРСА
Язык текста, звукозаписи и т.д. русский
102 ## - СТРАНА ПУБЛИКАЦИИ ИЛИ ПРОИЗВОДСТВА
Страна публикации Российская Федерация
105 ## - ПОЛЕ КОДИРОВАННЫХ ДАННЫХ: ТЕКСТОВЫЕ МАТЕРИАЛЫ, МОНОГРАФИЧЕСКИЕ
Кодированные данные о монографическом текстовом документе a |||||||||
200 1# - ЗАГЛАВИЕ И СВЕДЕНИЯ ОБ ОТВЕТСТВЕННОСТИ
Основное заглавие Эмилия Адриановна Штина
Сведения, относящиеся к заглавию указатель литературы
Первые сведения об ответственности Б-ка Киров. с.-х. ин-та, Киров. обл. б-ка им. А.И. Герцена
Последующие сведения об ответственности [сост. З.Н. Бороздина, С.А. Шихова библиографы]
210 ## - ПУБЛИКАЦИЯ, РАСПРОСТРАНЕНИЕ И ДР.
Место издания, распространения и т.д. Киров
Имя издателя, распространителя и т. д. [б. и.]
Дата издания, распространения и т.д. 1979
215 ## - ФИЗИЧЕСКАЯ ХАРАКТЕРИСТИКА
Специфическое обозначение материала и объем 46,[1] с., [1] л. портр.
Размеры 17
225 1# - СЕРИЯ
Основное заглавие серии Ученые Кировского сельскохозяйственного института
320 ## - ПРИМЕЧАНИЯ О НАЛИЧИИ В ДОКУМЕНТЕ БИБЛИОГРАФИИ / УКАЗАТЕЛЯ
Текст примечания Алф. указ. работ: с. 39-44
320 ## - ПРИМЕЧАНИЯ О НАЛИЧИИ В ДОКУМЕНТЕ БИБЛИОГРАФИИ / УКАЗАТЕЛЯ
Текст примечания Работы опубл. на иностр. яз.: с. 45
320 ## - ПРИМЕЧАНИЯ О НАЛИЧИИ В ДОКУМЕНТЕ БИБЛИОГРАФИИ / УКАЗАТЕЛЯ
Текст примечания Указ. соавт.: с. 46
600 #1 - ИМЯ ЛИЦА КАК ПРЕДМЕТ
Начальный элемент ввода Штина
Часть имени, кроме начального элемента ввода Э.А.
Даты 1910 - 2007
Расширение инициалов личного имени Эмилия Адриановна
Формальный подзаголовок Биобиблиография
Системный номер авторитетной/нормативной записи 2256335
Идентификатор авторитетной/нормативной записи RU\NLR\auth\661353138
686 ## - ИНДЕКСЫ ДРУГИХ КЛАССИФИКАЦИЙ
Индекс П1д(2)я1
702 #1 - ИМЯ ЛИЦА - ВТОРИЧНАЯ ОТВЕТСТВЕННОСТЬ
Начальный элемент ввода Бороздина
Часть имени, кроме начального элемента ввода З. Н.
Код отношения Составитель
712 02 - НАИМЕНОВАНИЕ ОРГАНИЗАЦИИ - ВТОРИЧНАЯ ОТВЕТСТВЕННОСТЬ
Код отношения Прочие
Начальный элемент ввода Кировский сельскохозяйственный институт
Структурное подразделение Библиотека
Системный номер авторитетной/нормативной записи 309989
Идентификатор авторитетной/нормативной записи RU\NLR\AUTH\8818396
801 #0 - ИСТОЧНИК ЗАПИСИ
Страна Российская Федерация
Организация NLR
Дата составления 20051115
Правила каталогизации rcr
801 #1 - ИСТОЧНИК ЗАПИСИ
Страна Российская Федерация
Организация NLR
Дата составления 20051115
830 ## - ОБЩЕЕ ПРИМЕЧАНИЕ, СОСТАВЛЕННОЕ КАТАЛОГИЗАТОРОМ
Текст примечания сост. не раскр.
942 ## - ДОПОЛНИТЕЛЬНЫЕ ЭЛЕМЕНТЫ ЗАПИСИ (АБИС)
Тип экземпляра АБИС Книга
980 ## - КОЛЛЕКЦИЯ
Название коллекции Национальная библиография
Экземпляры
Тип экземпляра Дата поступления Источник поступления Библиотека постоянного хранения Библиотека текущего хранения Место хранения Шифр хранения Штрих-код Статус экземпляра
Книга 15.11.2005 Дар РНБ (Московский) РНБ (Московский) Центральная справочная библиотека С 2005-1/523 1-1601120